Plomo en la sangre de trabajadores de envasadoras de combustibles, municipio de Cotuí R.D / Teresa Manzueta Mendoza, Leidy María Vásquez Belén y Ana Awilda Ventura Salazar ; asesor Altagracia Josefina Suárez (Registro nro. 17828)

Detalles MARC
000 -LEADER
fixed length control field 01050nam a22002291a 4500
001 - CONTROL NUMBER
control field 17828
003 - CONTROL NUMBER IDENTIFIER
control field OSt
005 - DATE AND TIME OF LATEST TRANSACTION
control field 20260204212335.0
008 - FIXED-LENGTH DATA ELEMENTS--GENERAL INFORMATION
fixed length control field 161228s2015||||dr ||||||b||||||||||spa||
090 ## - LOCALLY ASSIGNED LC-TYPE CALL NUMBER (OCLC); LOCAL CALL NUMBER (RLIN)
Classification number (OCLC) (R) ; Classification number, CALL (RLIN) (NR) BIO 2015 M15
100 1# - ASIENTO PRINCIPAL -- NOMBRE PERSONAL
Personal name Manzueta Mendoza, Teresa
Relator term sustentante
245 1# - TÍTULO PROPIAMENTE DICHO: SUBTÍTULO
Title Plomo en la sangre de trabajadores de envasadoras de combustibles, municipio de Cotuí R.D / Teresa Manzueta Mendoza, Leidy María Vásquez Belén y Ana Awilda Ventura Salazar ; asesor Altagracia Josefina Suárez
260 ## - PUBLICATION, DISTRIBUTION, ETC.
Place of publication, distribution, etc. Cotuí, República Dominicana :
Name of publisher, distributor, etc. UTECO
Date of publication, distribution, etc. 2015
300 ## - PHYSICAL DESCRIPTION
Extensión 42 hojas :
Other physical details Ilustraciones ;
Dimensions 28cm.
502 ## - THESIS NOTE
Dissertation note Trabajo de grado (Licenciatura en Bioanálisis) --Universidad Tecnológica del Cibao Oriental, 2015
504 ## - BIBLIOGRAPHY, ETC. NOTE
Bibliography, etc. note Incluye referencia bibliográfica e índice
650 #4 - ASIENTO SECUNDARIO DE MATERIA -- TERMINO TOPICO
Asiento secundario de materia Plomo en la sangre
700 1# - ASIENTO SECUNDARIO -- NOMBRE PERSONAL
Personal name Vásquez Belén, Leidy María
Relator term sustentante
700 1# - ASIENTO SECUNDARIO -- NOMBRE PERSONAL
Personal name Ventura Salazar, Ana Awilda
Relator term sustentante
830 ## - ASIENTO SECUNDARIO DE SERIE - TÍTULO UNIFORME
Uniform title Tesis y disertaciones académicas (Universidad Tecnológica del Cibao Oriental)
942 ## - ADDED ENTRY ELEMENTS (KOHA)
Source of classification or shelving scheme Clasificación Local
Koha item type Tesis
Existencias
Withdrawn status Lost status Source of classification or shelving scheme Damaged status Not for loan Home library Current library Shelving location Date acquired Inventory number Total Checkouts Full call number Barcode Date last seen Copy number Price effective from Koha item type
    Clasificación Local   Préstamo Interno   Biblioteca UTECO En Estantería 09/09/2019 BT-2015-005   BIO 2015 M15 BT-2015-005 09/09/2019 Ej.1 09/09/2019 Tesis
© 2021 Derechos Reservados UTECO - Teléfono: +1 809-585-2291 - Correo electrónico: biblioteca@uteco.edu.do​  
Código postal 43000 ​​
Dirección: Avenida Universitaria No. 100, 
Cotuí, Provincia Sánchez Ramírez, República Dominicana - RNC: 404-00059-6